Legislación Cooperativa: informe del taller /
El documento consiste en una compilación de ponencias presentadas en el I Taller Regional de Legislación Cooperativa de Centroamérica y el Caribe, en torno a la normativa jurídica de frente a las cooperativas.
Zapisane w:
| Korporacja: | |
|---|---|
| Format: | Materiały konferencyjne |
| Język: | Spanish |
| Wydane: |
San José:
Confederación de Cooperativas del Caribe y Centroamérica,
1989
|
| Hasła przedmiotowe: | |
| Etykiety: |
Dodaj etykietę
Nie ma etykietki, Dołącz pierwszą etykiete!
|
MARC
| LEADER | 00000 a2200000 04500 | ||
|---|---|---|---|
| 003 | cru CIDCACS/IIS | ||
| 005 | 20230613085548.0 | ||
| 008 | 200624s1989 cr |||||r|||||||| ||spa|d | ||
| 020 | |a 9977820007 | ||
| 040 | |c cru IIS | ||
| 090 | |a 03.03.04 T147l | ||
| 245 | 1 | |a Legislación Cooperativa: |b informe del taller / |c Taller Regional de Legislación Cooperativa de Centroamérica y el Caribe | |
| 260 | |a San José: |b Confederación de Cooperativas del Caribe y Centroamérica, |c 1989 | ||
| 300 | |a 129 páginas | ||
| 500 | |a Colección Centroamérica | ||
| 520 | |a El documento consiste en una compilación de ponencias presentadas en el I Taller Regional de Legislación Cooperativa de Centroamérica y el Caribe, en torno a la normativa jurídica de frente a las cooperativas. | ||
| 650 | 0 | |9 193 |a COOPERATIVAS | |
| 650 | 4 | |9 1993 |a LEGISLACION | |
| 650 | 0 | |9 1792 |a TALLERES | |
| 651 | 0 | |9 308 |a CENTROAMERICA | |
| 651 | 7 | |9 8785 |a EL CARIBE | |
| 711 | 1 | |9 10475 |a Taller Regional de Legislación Cooperativa de Centroamérica y el Caribe |c (San Pedro Sula, Honduras: |d 1988 septiembre 21-23) | |
| 942 | |2 ddc |c LI |h 03.03.04 T147l |i 12588 |6 030304_T147L_12588 | ||
| 999 | |c 43205 |d 43205 | ||



